<?xml version="1.0" encoding="utf-8"?>
<?xml-stylesheet type='text/xsl' href='./oai2.xsl'?>
<OAI-PMH xmlns="http://www.openarchives.org/OAI/2.0/" xmlns:xsi="http://www.w3.org/2001/XMLSchema-instance" xsi:schemaLocation="http://www.openarchives.org/OAI/2.0/ http://www.openarchives.org/OAI/2.0/OAI-PMH.xsd">
  <responseDate>2026-06-06T17:21:28Z</responseDate>
  <request verb="GetRecord" metadataPrefix="marcxml" identifier="record_kuniweb_1295880">https://kulturerbe.niedersachsen.de/oai</request>
  <GetRecord>
    <record>
      <header>
        <identifier>record_kuniweb_1295880</identifier>
        <datestamp>2018-08-17T07:05:05Z</datestamp>
        <setSpec>slg0208</setSpec>
      </header>
      <metadata>
        <marc:record xmlns:marc="http://www.loc.gov/MARC21/slim" xsi:schemaLocation="http://www.loc.gov/MARC21/slim http://www.loc.gov/standards/marcxml/schema/MARC21slim.xsd">
          <marc:leader>12345nrm  22     uu 4500</marc:leader>
          <marc:controlfield tag="001">1295880</marc:controlfield>
          <marc:controlfield tag="003">http://kuniweb.gbv.de</marc:controlfield>
          <marc:controlfield tag="005">2018-03-11T16:45:21</marc:controlfield>
          <marc:controlfield tag="008">|           ||||||||||||||||||||||</marc:controlfield>
          <marc:datafield tag="245" ind1="1" ind2="0">
            <marc:subfield code="a">Signalfahne mit Hülle</marc:subfield>
          </marc:datafield>
          <marc:datafield tag="655" ind1=" " ind2="7">
            <marc:subfield code="a">Alltagskultur</marc:subfield>
          </marc:datafield>
          <marc:datafield tag="046" ind1=" " ind2=" ">
            <marc:subfield code="k">1949</marc:subfield>
            <marc:subfield code="k">ca. 1949 - ca. 1968</marc:subfield>
            <marc:subfield code="l">1968</marc:subfield>
          </marc:datafield>
          <marc:datafield tag="260" ind1=" " ind2=" ">
            <marc:subfield code="g">1949</marc:subfield>
            <marc:subfield code="g">1968</marc:subfield>
            <marc:subfield code="g">ca. 1949 - ca. 1968</marc:subfield>
          </marc:datafield>
          <marc:datafield tag="300" ind1=" " ind2=" ">
            <marc:subfield code="a">Breite: 6,5 cm (Hülle)
Länge: 59,5 cm (Hülle)
Höhe: 48,5 cm (Fahne)
Breite: 42 cm (Fahne)</marc:subfield>
          </marc:datafield>
          <marc:datafield tag="520" ind1=" " ind2=" ">
            <marc:subfield code="a">Tasche: Köcherartige Tasche aus schwarzem Leder, oben annähernd oval, unten rund, aus einem Stück gearbeitet, an einer Seite vernäht. Im oberen Teil eingestanzt "RVO/7.67/DB" und mit Bleistift "Tiemann, G. 23.02.88 B.K Bernwartshausen. Runder Boden aus Leder, oben angenähte Schlaufe aus Leder, daran mit Draht befestigt Schlüssel, eingestanzte Buchstaben auf beiden Seiten "DR".
Signalfahne: Runder Stiel aus Holz, rechteckige Flagge aus drei Stoffstreifen zusammengenäht, oben und unten weiß, in der Mitte rot, Flagge mit schwarzen Lederstreifen auf den Griff aufgenagelt. Auf dem Griff mit Bleistift: Bahnhof 23.02.88, 9.00 Uhr, Bf. Bernwartshausen (Stempel), G. Thiemann. (Inventarisation)

Aufschrift:
DR (Beidseitig eingestanzt in Schlüssel.)

Aufschrift:
Bahnhof, 23.02.88, 9.00 Uhr, Bf. Bernwartshausen, G.Thiemann. (In Bleistift auf Stiel der Fahne. Bf Bernwartshausen aufgestempelt.)

Aufschrift:
RVO/7.67/DB (Eingestanzt in Hülle.)

Verwendungszweck:
Signal im Bahnverkehr

Gebrauchsort:
Berwartshausen (Northeim, Niedersachsen)</marc:subfield>
          </marc:datafield>
          <marc:datafield tag="650" ind1="1" ind2=" ">
            <marc:subfield code="a">Signal</marc:subfield>
          </marc:datafield>
          <marc:datafield tag="650" ind1="1" ind2=" ">
            <marc:subfield code="a">Fahne</marc:subfield>
          </marc:datafield>
          <marc:datafield tag="650" ind1="1" ind2=" ">
            <marc:subfield code="a">Eisenbahn</marc:subfield>
          </marc:datafield>
          <marc:datafield tag="650" ind1="1" ind2=" ">
            <marc:subfield code="a">Fahne</marc:subfield>
          </marc:datafield>
          <marc:datafield tag="650" ind1="1" ind2=" ">
            <marc:subfield code="a">Fahnenhülle</marc:subfield>
          </marc:datafield>
          <marc:datafield tag="650" ind1="1" ind2=" ">
            <marc:subfield code="a">Transport/Verkehr</marc:subfield>
          </marc:datafield>
          <marc:datafield tag="773" ind1="0" ind2=" ">
            <marc:subfield code="t">Eisenbahngeschichte</marc:subfield>
          </marc:datafield>
          <marc:datafield tag="852" ind1=" " ind2=" ">
            <marc:subfield code="a">Heimatmuseum Northeim</marc:subfield>
          </marc:datafield>
          <marc:datafield tag="" ind1=" " ind2=" ">
            <marc:subfield code="a">Namensnennung 4.0 International (CC BY 4.0)</marc:subfield>
          </marc:datafield>
        </marc:record>
      </metadata>
    </record>
  </GetRecord>
</OAI-PMH>
